Yet here I am : lessons from a Black man's search for home /

"MSNBC anchor Jonathan Capehart is one of the most recognizable faces in cable news. But long before that success, Capehart spent his boyhood growing up without his father, shuttling back and forth between New Jersey and rural Severn, North Carolina, contemplating the complexities of race and i...

Full description

Bibliographic Details
Main Author: Capehart, Jonathan (Author)
Format: Book
Language:English
Published: New York, NY : Grand Central Publishing, 2025.
Edition:First edition.
Subjects:

MARC

Tag First Indicator Second Indicator Subfields
LEADER 00000cam a2200000 i 4500
001 in00005656413
008 250124t20252025nyu e 000 0aeng
005 20250804223549.2
010 |a  2024057311 
035 |a (OCoLC)on1490424804 
040 |a DLC  |b eng  |e rda  |c DLC  |d IG#  |d OCLCO  |d WIM  |d OCLCO  |d GO4  |d OPW  |d YDX  |d GP5  |d MLSOD  |d OCLCO  |d UAP  |d SDD  |d NOC 
019 |a 1455106009  |a 1474544452 
020 |a 9781538767061 
020 |a 1538767066  |q hardcover 
020 |z 9781538767085  |q electronic book 
035 |a (OCoLC)1490424804  |z (OCoLC)1455106009  |z (OCoLC)1474544452 
042 |a pcc 
043 |a n-us--- 
050 0 0 |a PN4874.C246  |b A3 2025 
082 0 0 |a 070.92  |a B  |2 23/eng/20250124 
100 1 |a Capehart, Jonathan,  |e author.  |1 https://id.oclc.org/worldcat/entity/E39PBJkD4BJX36QYmyjDhyd4v3 
245 1 0 |a Yet here I am :  |b lessons from a Black man's search for home /  |c Jonathan Capehart. 
246 3 0 |a Lessons from a Black man's search for home 
250 |a First edition. 
264 1 |a New York, NY :  |b Grand Central Publishing,  |c 2025. 
264 4 |c ©2025 
300 |a viii, 259 pages ;  |c 22 cm 
336 |a text  |b txt  |2 rdacontent 
337 |a unmediated  |b n  |2 rdamedia 
338 |a volume  |b nc  |2 rdacarrier 
505 0 |a Sonny boy's boy -- My education in Jim Crow -- Jehovah's summer intern -- Growing up Brady -- Fresh Prince in reverse -- A destination with no road map -- Everything around me came alive -- Hide your porn well! -- Native New Yorker -- Learning how to write.. and winning a Pulitzer -- When someone asks what you want, tell them -- 'F****** S***!' -- Why I left the editorial board -- Nick -- Don't act like you've never been anywhere -- 'What times we're going to have' -- Acknowledgments. 
520 |a "MSNBC anchor Jonathan Capehart is one of the most recognizable faces in cable news. But long before that success, Capehart spent his boyhood growing up without his father, shuttling back and forth between New Jersey and rural Severn, North Carolina, contemplating the complexities of race and identity as they shifted around him. It was never easy bridging two worlds; whether being told he was too smart or not smart enough, too black or not black enough, Capehart struggled to find his place. Then, an internship at The Today Show altered the course of his life, bringing him one step closer to his dream. From there, Capehart embarks on a journey of self-discovery. Yet Here I Am takes us along that journey, from his years at Carleton College, where he learns to embrace his identity as a gay, black man surrounded by a likeminded community; to his decision to come out to his family, risking rejection; and finally to his move to New York City, where time and again he stumbles and picks himself up as he blazes a path to become the familiar face in news we know today. Honest and endearing, Yet Here I Am is an inspirational memoir of identity, opportunity, and of finding one's voice and purpose along the way"--  |c Provided by publisher. 
600 1 0 |a Capehart, Jonathan. 
650 0 |a African American journalists  |v Biography. 
650 0 |a Gay journalists  |z United States  |v Biography. 
650 0 |a Journalists  |z United States  |v Biography. 
650 6 |a Journalistes noirs américains  |v Biographies. 
650 6 |a Journalistes  |z États-Unis  |v Biographies. 
650 7 |a BIOGRAPHY & AUTOBIOGRAPHY / Memoirs.  |2 bisacsh 
650 7 |a SELF-HELP / Motivational & Inspirational.  |2 bisacsh 
650 7 |a BIOGRAPHY & AUTOBIOGRAPHY / African American & Black.  |2 bisacsh 
655 7 |a Autobiographies.  |2 lcgft 
655 7 |a Autobiographies.  |2 rvmgf 
852 8 |b POD  |z This title is available for the library to purchase for your use. Click the "Purchase It For Me" button to place a request. This item will take 5-10 business days to arrive. 
955 |a Print PDA title 
961 |m 565730 
999 f f |s 6755effc-e9c8-4927-bfd4-39f630167da5  |i b7a02c72-62bf-4377-87f3-e6d422b20983  |t 0 
952 f f |a Texas A&M University  |b College Station  |c Sterling C. Evans Library  |d Purchase on Demand  |t 0  |e PN4874.C246 A3 2025  |h Library of Congress classification 
998 f f |a PN4874.C246 A3 2025  |t 0  |l Purchase on Demand